| 000 | 00389nam a2200157 i 4500 | ||
|---|---|---|---|
| 001 | 70950 | ||
| 003 | ES-MaACL | ||
| 005 | 20230906170957.0 | ||
| 007 | t| | ||
| 008 | 040804s1963 sp ||||1| spa d | ||
| 100 | 1 |
_aGasca, Luis. _955835 |
|
| 245 | 1 | 0 |
_aUvas verdes / _cLuis Gasca. |
| 260 |
_a[S.l. : _bAgora, _c1963] |
||
| 300 |
_a93 p. ; _c16 cm. |
||
| 852 |
_aES-MaACL _jC-22754 _bR.51613 |
||
| 999 |
_c70950 _d70950 |
||